[Event "Riga RTU rapid op"]
[Site "Riga"]
[Date "2019.07.04"]
[Round "3"]
[White "Blinovs, Artjoms"]
[Black "Afanasiev, Vadim"]
[Result "0-1"]
[WhiteElo "1811"]
[BlackElo "2241"]
[PlyCount "98"]
[EventDate "2019.07.04"]
[EventType "swiss (rapid)"]
[EventRounds "9"]
[EventCountry "LAT"]
[SourceTitle "EXT 2020"]
[Source "ChessBase"]
[SourceDate "2019.10.17"]
[SourceVersion "1"]
[SourceVersionDate "2019.10.17"]
[SourceQuality "1"]

1. e4 e5 2. Nf3 Nc6 3. Bb5 a6 4. Ba4 Nf6 5. 0-0 Nxe4 6. d4 b5 7. Bb3 d5 8. dxe5 Be6 9. a4 b4 10. a5 Nc5 11. Bg5 Qd7 12. Nbd2 h6 13. Bh4 g5 14. Bg3 Bg7 15. Re1 0-0 16. h3 Rfe8 17. Nf1 Nxb3 18. cxb3 d4 19. N3d2 Bd5 20. Qh5 Qf5 21. h4 Ne7 22. hxg5 hxg5 23. Rac1 Rac8 24. Nc4 Bxc4 25. Rxc4 c5 26. Rec1 Rc6 27. Rxc5 Rh6 28. Qf3 Qxf3 29. gxf3 Nf5 30. Rc6 Rhe6 31. Nd2 Nxg3 32. fxg3 Rxe5 33. Rxa6 f5 34. Rac6 Re2 35. Rc8 Kf7 36. R1c7+ R8e7 37. Rxe7+ Kxe7 38. a6 d3 39. a7 Bd4+ 40. Kf1 Bxa7 41. Rc7+ Kf6 42. Rxa7 Rxd2 43. Ke1 Re2+ 44. Kd1 Rxb2 45. Ra6+ Ke5 46. Rg6 Kd4 47. Rxg5 Kc3 48. Ke1 Rb1+ 49. Kf2 d2 0-1